000 00614nam a2200217Ia 4500
001 15943
003 GE_BSU
008 181216s||||||||xx |||||||||||||| ||und||
040 _cGE_BSU
080 _a821.353.1-32
100 _aხერგიანი, მირონ
245 _aდამრჩომნი
245 _bმოთხრობები
260 _aთბილისი
260 _bსაბჭ. საქართველო
260 _c1982
300 _a282გვ. ; 21სმ
653 _aდამრჩომნი
653 _aმოთხრობები
942 _cBK
999 _c49037
_d49037